| 000 | 01557cam a22003977a 4500 | ||
|---|---|---|---|
| 003 | CHAP | ||
| 005 | 20220329142038.0 | ||
| 008 | 990419d1995 mx rs o00110 spa d | ||
| 010 | _a77533 | ||
| 011 | _a78505 | ||
| 020 | _a9701308328 | ||
| 035 | _a88480 | ||
| 040 | _cCHAP | ||
| 082 | 0 | 4 |
_a317.2 _bI6 Ags. |
| 110 | 2 |
_aInstituto Nacional de Estadística, Geografía e Informática. México _959304 |
|
| 245 | 1 | 0 |
_aImágenes económicas : _bAguascalientes _c/por Instituto Nacional de Estadística, Geografía e Informática |
| 260 |
_aAguascalientes, Ags. : _bInstituto Nacional de Estadística, Geografía e Informática, _c1995. |
||
| 300 |
_a87 p. : _bgráfs. ; cuadros |
||
| 590 |
_aBATCH-UPD _b10 _c20130110 _lUCH01 _h0636 |
||
| 590 |
_aBATCH-UPD _b10 _c20130110 _lUCH01 _h2327 |
||
| 590 |
_aBATCH-UPD _b10 _c20130410 _lUCH01 _h0320 |
||
| 590 |
_aBATCH-UPD _b10 _c20130410 _lUCH01 _h1628 |
||
| 590 |
_aBATCH-UPD _b10 _c20130914 _lUCH01 _h0340 |
||
| 590 |
_aBATCH-UPD _b10 _c20130914 _lUCH01 _h2051 |
||
| 590 |
_aCONVERSION _b10 _c20130109 _lUCH01 _h1343 |
||
| 650 | 1 | 4 |
_aAguascalientes _xCondiciones economicas. _92594 |
| 650 | 1 | 4 |
_aAguascalientes _xEstadísticas. _92600 |
| 650 | 1 | 4 |
_aComercio _xEstadísticas _zAguascalientes. _925576 |
| 650 | 1 | 4 |
_aIndustria _xEstadísticas _zAguascalientes. _957709 |
| 650 | 1 | 4 |
_aTrabajo y trabajadores _xEstadísticas. _9114522 |
| 790 | 0 | _aCensos económicos, 1994 | |
| 901 | _aBK | ||
| 905 | _aLilia Sánchez G. | ||
| 942 | _cLIBRO | ||
| 949 |
_a317.2 I6 Ags. _bBC _cINEGI _d33724000722435 _eINEGI _h95038 _i88480 _kDonaciØn _sb |
||
| 999 |
_c77533 _d77533 |
||